000 00314 a2200109 4500
001 55396
082 _a620.00420285 AMI
090 _c34390
_d34390
100 _aAmirouche, Farid
245 _aPrinciples of computer-aided design and manufacturing, 2nd Ed
_cFarid Amirouche
260 _aDelhi
_bPearson
_c2004
942 _aNUST-CAE
_k620.00420285 AMI
999 _c290469
_d290469